000 01205cam a22002651i 4500
003 SA-RiAUC
005 20250212063924.0
008 250211s2000 mr g f000 0cara c
040 _aEG-CaDAJ
_bara
_cSA-RiAUC
_erda
082 0 4 _a922.58
_qSA-RiAUC
090 _a922.58
_bت ن ب
100 1 _aالتنبكتي، أحمد بابا بن أحمد بن أحمد،
_d963-1036 هجري
_eمؤلف.
245 1 0 _aكفاية المحتاج لمعرفة من ليس في الديباج /
_cأحمد بابا التنبكتي ؛ دراسة وتحقيق محمد مطيع.
264 1 _aالرباط :
_bوزارة الأوقاف والشؤون الإسلامية،
_c2000
300 _a2 مجلد
336 _aنص
_btxt
_2rdacontent
_3كتاب
337 _aبدون وسيط
_bn
_2rdamedia
338 _aمجلد
_bnc
_2rdacarrier
650 7 _aالفقهاء المالكية
_vتراجم
_2aucsh
700 1 _aمطيع، محمد
_eمحقق.
700 1 2 _aابن فرحون، إبراهيم بن علي بن محمد،
_dتوفي 799 هجري
740 2 2 _aالديباج المذهب في معرفة أعيان علماء المذهب.
942 _2ddc
_cBOOK
_n0
949 _aSA-JeALM
_d250211
_uosman123
_n1
999 _c5850
_d5850